| 000 | 00891cam a2200289 i 4500 | ||
|---|---|---|---|
| 999 |
_c200449340 _d67552 |
||
| 003 | TR-AnTOB | ||
| 005 | 20220729165504.0 | ||
| 008 | 220729s1970 nyu000 e 1n eengdd | ||
| 040 |
_aTR-AnTOB _beng _erda _cTR-AnTOB |
||
| 041 | _aeng | ||
| 050 |
_aHD82 _b.B341 |
||
| 090 | _aHD82 .B341 1970 | ||
| 100 | 1 |
_aBaumol, William J. _eauthor _91771 |
|
| 245 | 1 | 0 |
_aEconomic dynamics : _ban introduction / _cWilliam J. Baumol. |
| 250 | _aThird edition | ||
| 264 | 1 |
_aNew York : _bMacmillan, _c1970. |
|
| 300 |
_axix, 472 pages : _c22 cm |
||
| 336 |
_atext _btxt _2rdacontent |
||
| 337 |
_aunmediated _bn _2rdamedia |
||
| 338 |
_avolume _bnc _2rdacarrier |
||
| 490 | 0 | _aThe Macmillan Company. | |
| 500 | _aIncludes index. | ||
| 650 |
_aStatics and dynamics (Social sciences) _922762 |
||
| 650 |
_aStatik ve dinamik (Sosyal bilimler) _930537 |
||
| 942 |
_2lcc _cBK |
||